| 000 | 00373 a2200145 4500 | ||
|---|---|---|---|
| 001 | 152772 | ||
| 040 | _cEscola São Tomás de Aquino | ||
| 240 | 1 | 0 |
_aO clube do mistério e as cores da natureza _lpor |
| 245 | 1 | 0 | _aO clube do mistério e as cores da natureza |
| 300 | _a51 | ||
| 362 | 0 | _a2015 | |
| 440 | 1 | _aEdelbra | |
| 697 | _a*LITERATURA INFANTO JUVENIL | ||
| 942 | _cBK | ||
| 999 |
_c152772 _d152772 |
||